header

Indians in American history : (Record no. 74976)

MARC details
000 -LEADER
fixed length control field 02047nam a2200457 i 4500
001 - CONTROL NUMBER
control field ebr10931977
003 - CONTROL NUMBER IDENTIFIER
control field CaPaEBR
006 - FIXED-LENGTH DATA ELEMENTS--ADDITIONAL MATERIAL CHARACTERISTICS--GENERAL INFORMATION
fixed length control field m o d
007 - PHYSICAL DESCRIPTION FIXED FIELD--GENERAL INFORMATION
fixed length control field cr cn|||||||||
008 - FIXED-LENGTH DATA ELEMENTS--GENERAL INFORMATION
fixed length control field 140923t19981998iluab ob 001 0 eng d
020 ## - INTERNATIONAL STANDARD BOOK NUMBER
Cancelled/invalid ISBN 9780882959399
International Standard Book Number 9781118818701 (e-book)
040 ## - CATALOGING SOURCE
Original cataloging agency CaPaEBR
Language of cataloging eng
Description conventions rda
-- pn
Transcribing agency CaPaEBR
035 ## - SYSTEM CONTROL NUMBER
System control number (OCoLC)654828279
043 ## - GEOGRAPHIC AREA CODE
Geographic area code n-us---
050 14 - LIBRARY OF CONGRESS CALL NUMBER
Classification number E76.8
Item number .I57 1998eb
082 04 - DEWEY DECIMAL CLASSIFICATION NUMBER
Classification number 973/.0497/0072
Edition number 21
245 00 - TITLE STATEMENT
Title Indians in American history :
Remainder of title an introduction /
Statement of responsibility, etc edited by Frederick E. Hoxie & Peter Iverson ; contributors, James A. Brown [and fifteen others].
250 ## - EDITION STATEMENT
Edition statement Second edition.
264 #1 - PRODUCTION, PUBLICATION, DISTRIBUTION, MANUFACTURE, AND COPYRIGHT NOTICE
Place of production, publication, distribution, manufacture Wheeling, Illinois :
Name of producer, publisher, distributor, manufacturer Harlan Davidson, Inc.,
Date of production, publication, distribution, manufacture, or copyright notice 1998.
Date of production, publication, distribution, manufacture, or copyright notice �1998
300 ## - PHYSICAL DESCRIPTION
Extent 1 online resource (320 pages) :
Other physical details illustrations, maps
336 ## - CONTENT TYPE
Content type term text
Source rdacontent
337 ## - MEDIA TYPE
Media type term computer
Source rdamedia
338 ## - CARRIER TYPE
Carrier type term online resource
Source rdacarrier
504 ## - BIBLIOGRAPHY, ETC. NOTE
Bibliography, etc Includes bibliographical references at the end of each chapters and index.
588 ## - SOURCE OF DESCRIPTION NOTE
Source of description note Description based on print version record.
590 ## - LOCAL NOTE (RLIN)
Local note Electronic reproduction. Palo Alto, Calif. : ebrary, 2014. Available via World Wide Web. Access may be limited to ebrary affiliated libraries.
650 #0 - SUBJECT ADDED ENTRY--TOPICAL TERM
Topical term or geographic name as entry element Indians of North America
General subdivision Historiography.
Topical term or geographic name as entry element Indians of North America
General subdivision History
-- Study and teaching.
Topical term or geographic name as entry element Indians of North America
General subdivision History.
651 #0 - SUBJECT ADDED ENTRY--GEOGRAPHIC NAME
Geographic name United States
General subdivision Historiography.
Geographic name United States
General subdivision History
-- Study and teaching.
655 #0 - INDEX TERM--GENRE/FORM
Genre/form data or focus term Electronic books.
700 1# - ADDED ENTRY--PERSONAL NAME
Personal name Hoxie, Frederick E.,
Dates associated with a name 1947-
Relator term editor.
Personal name Iverson, Peter,
Relator term editor.
Personal name Brown, James A.,
Relator term contributor.
776 08 - ADDITIONAL PHYSICAL FORM ENTRY
Display text Print version:
Title Indians in American history : an introduction.
Edition Second edition.
Place, publisher, and date of publication Wheeling, Illinois : Harlan Davidson, Inc., c1998
Physical description xiii, 304 pages
International Standard Book Number 9780882959399
Record control number 97037468
797 2# - LOCAL ADDED ENTRY--CORPORATE NAME (RLIN)
Corporate name or jurisdiction name as entry element ebrary.
856 40 - ELECTRONIC LOCATION AND ACCESS
Uniform Resource Identifier <a href="http://site.ebrary.com/lib/rucke/Doc?id=10931977">http://site.ebrary.com/lib/rucke/Doc?id=10931977</a>
Public note An electronic book accessible through the World Wide Web; click to view

No items available.

© 2026 Rongo University
Contact us: librarian | system librarian | Rongo university